Alle Spieler von Eintracht Frankfurt seit 00/01 - Statistiken

Allgemein
  • Dieses Quiz wurde 68 mal gespielt
  • Das Durchschnittsergebnis liegt bei 80 aus 286
Antwortstatistiken
Eintracht Frankfurt % Korrekt
Kaua Santos
93%
Luka Jovic
93%
Ante Rebic
90%
Kevin Trapp
90%
Alexander Meier
86%
Du-Ri Cha
86%
Mario Götze
86%
Sebastian Rode
83%
Chris
81%
Randal Kolo Muani
81%
Robin Koch
81%
Filip Kostic
79%
Nathaniel Brown
79%
Ansgar Knauff
76%
Hugo Ekitike
76%
Makoto Hasebe
76%
Omar Marmoush
76%
Marco Russ
74%
Oka Nikolov
74%
Sebastien Haller
74%
Can Uzun
71%
Hugo Larsson
71%
Rasmus Kristensen
71%
Arthur Theate
69%
Mijat Gacinovic
69%
Nnamdi Collins
69%
Timothy Chandler
69%
Michael Zetterer
67%
Rafael Borre
67%
Andre Silva
64%
Danny Da Costa
64%
David Abraham
64%
Ellyes Skhiri
64%
Ioannis Amanatidis
64%
Jens Grahl
64%
Jonathan Burkardt
64%
Theofanis Gekas
64%
Tuta
64%
Daichi Kamada
62%
Kevin-Prince Boateng
62%
Elye Wahi
60%
Jean-Matteo Bahoya
60%
Lukas Hradecky
60%
Mahmoud Dahoud
60%
Martin Hinteregger
60%
Willian Pacho
60%
Caio
55%
Marco Fabian
55%
Marius Wolf
55%
Martin Fenin
55%
Fares Chaibi
52%
Jesper Lindström
52%
Nicolai Müller
52%
Takashi Inui
52%
Aurele Amenda
50%
Aurelio Buta
50%
Elias Baum
50%
Bastian Oczipka
48%
Djibril Sow
48%
Dominik Kohr
48%
Frederik Rönnow
48%
Jesus Vallejo
48%
Michy Batshuayi
48%
Omar Mascarell
48%
Oscar Hojlund
48%
Patrick Ochs
48%
Carlos Zambrano
45%
Jens Petter Hauge
45%
Ritsu Doan
45%
Sebastian Jung
45%
Aymen Barkok
43%
Bas Dost
43%
Benjamin Köhler
43%
Goncalo Paciencia
43%
Haris Seferovic
43%
Jetro Willems
43%
Junior Dina Ebimbe
43%
Pirmin Schwegler
43%
Stefan Aigner
43%
Evan Ndicka
40%
Jonathan De Guzman
40%
Stefan Ilsanker
40%
Almamy Toure
38%
Carlos Salcedo
38%
Christopher Lenz
38%
Gelson Fernandes
38%
Kristijan Jakic
38%
Marc Stendera
38%
Ralf Fährmann
38%
Halil Altintop
36%
Sotiris Kyrgiakos
36%
Ajdin Hrustic
33%
Arnaud Kalimuendo
33%
Erik Durm
33%
Felix Wiedwald
33%
Johannes Flum
33%
Lucas Alario
33%
Naohiro Takahara
33%
Philipp Max
33%
Sam Lammers
33%
Srdjan Lakic
33%
Alexander Madlung
31%
Christoph Preuß
31%
Christoph Spycher
31%
Nelson Valdez
31%
Taleb Tawatha
31%
Amin Younes
29%
Bamba Anderson
29%
Dominik Schmidt
29%
Jessic Ngankam
29%
Karim Matmour
29%
Lucas Torro
29%
Luc Castaignos
29%
Michael Hector
29%
Simon Falette
29%
Vaclav Kadlec
29%
Diant Ramaj
26%
Hrvoje Smolcic
26%
Jermaine Jones
26%
Joselu
26%
Lucas Piazon
26%
Niels Nkounkou
26%
Olivier Occean
26%
Slobodan Medojevic
26%
Steven Zuber
26%
Szabolcs Huszti
26%
Constant Djakpa
24%
Donny Van de Beek
24%
Markus Pröll
24%
Mohamadou Idrissou
24%
Rob Friend
24%
Sonny Kittel
24%
Tobias Weis
24%
Tranquillo Barnetta
24%
Aleksandar Ignjovski
21%
Branimir Hrgota
21%
Danny Blum
21%
Dejan Joveljic
21%
Guillermo Varela
21%
Heinz Lindner
21%
Igor Matanovic
21%
Jan Zimmermann
21%
Maik Franz
21%
Paxten Aaronson
21%
Ragnar Ache
21%
Änis Ben-Hatira
19%
Faton Toski
19%
Marcel Heller
19%
Younes Ebnoutalib
19%
Albert Streit
17%
Aleksandar Vasoski
17%
Alexander Rosen
17%
Benjamin Huggel
17%
Ervin Skela
17%
Georgios Tzavellas
17%
Markus Weissenberger
17%
Mehdi Mahdavikia
17%
Ralf Schmitt
17%
Selim Teber
17%
Stefan Reinartz
17%
Stephan Schröck
17%
Sven Schmitt
17%
Timo Hildebrand
17%
Dino Toppmöller
14%
Eba Bekir Is
14%
Erwin Hoffer
14%
Faride Alidou
14%
Gordon Schildenfeld
14%
Jan Age Fjortoft
14%
Jan Rosenthal
14%
Luca Pellegrini
14%
Luca Waldschmidt
14%
Markus Steinhöfer
14%
Martin Lanig
14%
Stefan Bell
14%
Ümit Korkmaz
14%
Andersson Ordonez
12%
Cenk Tosun
12%
Kevin Kraus
12%
Marc Oliver Kempf
12%
Marko Rehmer
12%
Ricardo Clark
12%
Rolf-Christel Guie-Mien
12%
Sasa Kalajdzic
12%
Shani Tarashaj
12%
Stefano Celozzi
12%
Yanni Regäsel
12%
Zlatan Bajramovic
12%
Alexander Schur
10%
Arie Van Lent
10%
Aykut Özer
10%
Elias Bördner
10%
Gerd Wimmer
10%
Heiko Butscher
10%
Junichi Inamoto
10%
Kaan Ayhan
10%
Marcel Titsch Rivero
10%
Marco Gebhardt
10%
Michael Fink
10%
Nacho Ferri
10%
Noel Futkeu
10%
Uwe Bindewald
10%
Aaron Galindo
7%
Andreas Möller
7%
Andree Wiedener
7%
David Kinsombi
7%
Dirk Heinen
7%
Dominik Stroh-Engel
7%
Horst Heldt
7%
Ingo Hertzsch
7%
Jae-Won Sim
7%
Jens Keller
7%
Juvhel Tsoumou
7%
Karel Rada
7%
Leonard Kweuke
7%
Markus Husterer
7%
Marvin Bakalorz
7%
Matthias Lehmann
7%
Max Besuschkow
7%
Nikola Petkovic
7%
Sasa Ciric
7%
Stefan Lexa
7%
Sven Günther
7%
Torben Hoffmann
7%
Vangelis Mantzios
7%
Allan
5%
Christopher Reinhard
5%
Dario Gebuhr
5%
Francisco Copado
5%
Geri Cipi
5%
Habib Bellaid
5%
Jens Rasiejewski
5%
Joel Gerezgiher
5%
Jurica Puljiz
5%
Marcel Wenig
5%
Marcos Alvarez
5%
Marijan Cavar
5%
Marko Mladenovic
5%
Markus Beierle
5%
Markus Kreuz
5%
Martin Amedick
5%
Martin Hess
5%
Michael Thurk
5%
Mounir Chaftar
5%
Nascimento
5%
Nico Frommer
5%
Nico Rinderknecht
5%
Nikolaos Lyberopoulos
5%
Pawel Kryszalowicz
5%
Petar Hubchev
5%
Peter Deißenberger
5%
Stephen Famewo
5%
Thomas Sobotzik
5%
Tommy Berntsen
5%
Vadim Demidov
5%
Vivian
5%
Alexander Huber
2%
Alexander Kutschera
2%
Alexander Wulf
2%
Bachirou Salou
2%
Bakary Diakite
2%
Chen Yang
2%
Christian Lenze
2%
Daniyel Cimen
2%
David Montero
2%
Dorge Kouemaha
2%
Erol Bulut
2%
Franciel
2%
Giovanni Speranza
2%
Giuseppe Gemiti
2%
Henning Bürger
2%
Jean-Clotaire Tsoumou-Madza
2%
Julian Dudda
2%
Kreso Ljubicic
2%
Lars Weißenfeldt
2%
Markus Lösch
2%
Mehmet Dragusha
2%
Michael Mutzel
2%
Michael Wenczel
2%
Serge Branco
2%
Stefan Zinnow
2%
Thomas Kessler
2%
Thomas Reichenberger
2%
Torsten Kracht
2%
Vladimir Maljkovic
2%
Peter Nemeth
0%
Keine übereinstimmenden Quizze gefunden
Verteilung der Resultate
Anzahl Personen mit jedem Resultat
Perzentil nach korrekt beantworteten Fragen
Ihre Resultats-Entwicklung
Sie haben dieses Quiz noch nicht gespielt